[Event "AUT-NED corr9697"]
[Site "Austria"]
[Date "1996.??.??"]
[Round "?"]
[White "Waltmans, Frans J"]
[Black "Felber, Robert J"]
[Result "0-1"]
[WhiteElo "2385"]
[BlackElo "1930"]
[PlyCount "80"]
[EventDate "1996.??.??"]
[EventType "team (corr)"]
[EventRounds "1"]
[EventCountry "AUT"]
[SourceTitle "Corr Nr. 1"]
[Source "ChessBase"]
[SourceDate "1997.09.01"]
[SourceVersion "2"]
[SourceVersionDate "2000.04.19"]
[SourceQuality "1"]

1. Nc3 d5 2. e4 d4 3. Nce2 e5 4. Ng3 Be6 5. c3 c5 6. Bb5+ Nd7 7. Nf3 f6 8. d3 a6 9. Ba4 Rc8 10. 0-0 b5 11. Bb3 c4 12. dxc4 bxc4 13. Ba4 d3 14. Be3 g6 15. b3 Kf7 16. bxc4 Nc5 17. Bb3 h5 18. Nh4 Ne7 19. f4 exf4 20. Bxf4 Nc6 21. Qf3 Kg7 22. Ngf5+ Kh7 23. Ne3 Bg7 24. Bg3 Rf8 25. Nd5 Ne5 26. Qe3 Bxd5 27. exd5 Bh6 28. Bf4 Ng4 29. Qc1 Qb6 30. Kh1 Ne4 31. Bxh6 Ngf2+ 32. Rxf2 Nxf2+ 33. Kg1 Ng4+ 34. Kh1 Nxh6 35. h3 Rfe8 36. Qf1 Re3 37. Rb1 Qd6 38. Re1 Rce8 39. Rxe3 Rxe3 40. Qf2 Re2 0-1